Glossary of the Multani Language / (Record no. 523926)

000 -LEADER
fixed length control field 00361nam a22001457a 4500
003 - CONTROL NUMBER IDENTIFIER
control field NUST
038 ## - RECORD CONTENT LICENSOR
Staff Name waseem
082 ## - DEWEY DECIMAL CLASSIFICATION NUMBER
Classification number 491.42
Author Mark BRE
100 ## - MAIN ENTRY--PERSONAL NAME
Personal name O'Brein, Edward
9 (RLIN) 14753
245 ## - TITLE STATEMENT
Title Glossary of the Multani Language /
Statement of responsibility, etc. Edward O'Brein
260 ## - PUBLICATION, DISTRIBUTION, ETC.
Place of publication, distribution, etc. Multan :
Name of publisher, distributor, etc. Siraiki Adabi Board,
Date of publication, distribution, etc. 2002.
300 ## - PHYSICAL DESCRIPTION
Extent 379 p. ;
500 ## - GENERAL NOTE
General note Hardcover.
942 ## - ADDED ENTRY ELEMENTS (KOHA)
Source of classification or shelving scheme
Koha item type Book
Holdings
Withdrawn status Lost status Source of classification or shelving scheme Damaged status Not for loan Permanent Location Current Location Date acquired Total Checkouts Full call number Barcode Date last seen Price effective from Koha item type
          Central Library (CL) Central Library (CL) 06/12/2019   491.42 BRE CL-E-2016 06/12/2019 06/12/2019 Book
© 2023 Central Library, National University of Sciences and Technology. All Rights Reserved.